<?xml version="1.0" encoding="UTF-8"?>
<record
    xmlns:xsi="http://www.w3.org/2001/XMLSchema-instance"
    xsi:schemaLocation="http://www.loc.gov/MARC21/slim http://www.loc.gov/standards/marcxml/schema/MARC21slim.xsd"
    xmlns="http://www.loc.gov/MARC21/slim">

  <leader>00633nam a2200229Ia 4500</leader>
  <controlfield tag="001">12664</controlfield>
  <controlfield tag="003">GE_BSU</controlfield>
  <controlfield tag="008">181216s||||||||xx |||||||||||||| ||und||</controlfield>
  <datafield tag="040" ind1=" " ind2=" ">
    <subfield code="c">GE_BSU</subfield>
  </datafield>
  <datafield tag="080" ind1=" " ind2=" ">
    <subfield code="a">631.4(075.8)</subfield>
  </datafield>
  <datafield tag="100" ind1=" " ind2=" ">
    <subfield code="a">&#x413;&#x43B;&#x438;&#x43D;&#x43A;&#x430;,&#x41A;.&#x41F;.</subfield>
  </datafield>
  <datafield tag="245" ind1=" " ind2=" ">
    <subfield code="a">&#x41F;&#x43E;&#x447;&#x432;&#x43E;&#x432;&#x435;&#x434;&#x435;&#x43D;&#x438;&#x435;</subfield>
  </datafield>
  <datafield tag="245" ind1=" " ind2=" ">
    <subfield code="b">&#x423;&#x447;. &#x43F;&#x43E;&#x441;&#x43E;&#x431;&#x438;&#x435; &#x434;&#x43B;&#x44F; &#x441;&#x435;&#x43B;&#x44C;&#x441;&#x43A;&#x43B;-&#x445;&#x43E;&#x437;. &#x432;&#x443;&#x437;&#x43E;&#x432;</subfield>
  </datafield>
  <datafield tag="245" ind1=" " ind2=" ">
    <subfield code="c">&#x420;&#x435;&#x434;.&#x417;.&#x424;&#x438;&#x43B;&#x43B;&#x438;&#x43F;&#x43E;&#x432;&#x438;&#x447;</subfield>
  </datafield>
  <datafield tag="250" ind1=" " ind2=" ">
    <subfield code="a">6-&#x43E;&#x435; &#x438;&#x437;&#x434;.(&#x43F;&#x43E;&#x441;&#x43C;&#x435;&#x440;&#x442;&#x43D;&#x43E;&#x435;)</subfield>
  </datafield>
  <datafield tag="260" ind1=" " ind2=" ">
    <subfield code="a">&#x41C;&#x43E;&#x441;&#x43A;&#x432;&#x430;</subfield>
  </datafield>
  <datafield tag="260" ind1=" " ind2=" ">
    <subfield code="b">&#x421;&#x435;&#x43B;&#x44C;&#x445;&#x43E;&#x437;&#x433;&#x438;&#x437;</subfield>
  </datafield>
  <datafield tag="260" ind1=" " ind2=" ">
    <subfield code="c">1935</subfield>
  </datafield>
  <datafield tag="300" ind1=" " ind2=" ">
    <subfield code="a">630&#x441;&#x442;&#x440;.23&#x441;&#x43C;.</subfield>
  </datafield>
  <datafield tag="653" ind1=" " ind2=" ">
    <subfield code="a">&#x41F;&#x43E;&#x447;&#x432;&#x43E;&#x432;&#x435;&#x434;&#x435;&#x43D;&#x438;&#x435;</subfield>
  </datafield>
  <datafield tag="942" ind1=" " ind2=" ">
    <subfield code="c">BK</subfield>
  </datafield>
  <datafield tag="999" ind1=" " ind2=" ">
    <subfield code="c">45835</subfield>
    <subfield code="d">45835</subfield>
  </datafield>
  <datafield tag="952" ind1=" " ind2=" ">
    <subfield code="0">0</subfield>
    <subfield code="1">0</subfield>
    <subfield code="4">0</subfield>
    <subfield code="7">0</subfield>
    <subfield code="9">60110</subfield>
    <subfield code="d">2018-12-17</subfield>
    <subfield code="p">20982</subfield>
    <subfield code="r">2018-12-17</subfield>
    <subfield code="w">2018-12-17</subfield>
    <subfield code="y">BK</subfield>
  </datafield>
</record>
